000 00752nam a2200253Ia 4500
003 OSt
005 20220928125618.0
006 a|||||r|||| 00| 0
007 ta
008 220927b |||||||| |||| 00| 0 eng d
020 _c745
024 _a116446
037 _b31, 30/08/2012, Better Book Service
_cTextual
040 _aSDCL
_cSDCL
_beng
041 _2eng
_aeng
082 _aO168,1M7:g, Q2
100 _aVanita Ruth
_9459967
245 0 _aGender sex and the city
_b Urdu rekhti poetry,1780-1870.
260 _aNew Delhi
_bOrient BlackSwan
_c2012
300 _axviii,322p
_ccm.
650 _aEnglish
942 _hO168,1M7:g, Q2
_cTEXL
_2CC
999 _c783222
_d783222